Pulp and paper from rubberwood (Record no. 66092)

MARC details
000 -LEADER
fixed length control field 00339nam a2200133Ia 4500
100 ## - MAIN ENTRY--AUTHOR NAME
Personal name Nor Mohd
245 #0 - TITLE STATEMENT
Title Pulp and paper from rubberwood
260 ## - PUBLICATION, DISTRIBUTION, ETC. (IMPRINT)
Name of publisher Rubberwood: Processing and utilization
Year of publication 1994
300 ## - PHYSICAL DESCRIPTION
Number of Pages 201-206
650 ## - SUBJECT ADDED ENTRY--TOPICAL TERM
Topical Term Rubberwood
700 ## - ADDED ENTRY--PERSONAL NAME
Personal name Yusoff Mohd
942 ## - ADDED ENTRY ELEMENTS (KOHA)
Koha item type Journals
Holdings
Withdrawn status Lost status Damaged status Not for loan Home library Current library Date acquired Koha item type
      Journals RRII Library RRII Library 17/12/2021 Journals